00309nam a2200121Ia 4500008004100000041000800041082001500049100001800064245004500082260004200127300001300169365000500182240624s9999 xx 000 0 und d aeng a332.63 CHA aCHACKO GEORGE aFINANCIAL INSTRUMENTS AND MARKETS A CASE c2006aNew JerseybJohn Wiley and Sons a656 : p. c